Lisabonská zmluva a jej prínos pre členské štáty EÚ bakalárska práca

Salvato in:
Dettagli Bibliografici
Autore principale: Hrivnáková, Petra
Ente Autore: Fakulta medzinárodných vzťahov EU. Katedra medzinárodných ekonomických vzťahov a hospodárskej diplomacie
Altri autori: Woltemar, Richard
Natura: Libro
Lingua:slovacco
Pubblicazione: Bratislava 2012
Tags: Aggiungi Tag
Nessun Tag, puoi essere il primo ad aggiungerne!!

MARC

LEADER 00000nbm a2200000 4500
001 0153621
005 20161109111758.5
041 0 |a slo 
044 |a SK 
245 1 0 |a Lisabonská zmluva a jej prínos pre členské štáty EÚ  |b bakalárska práca  |c Petra Hrivnáková ; školiteľ: Richard Woltemar 
264 1 |a Bratislava  |c 2012 
300 |a 48 s. 
100 1 |a Hrivnáková, Petra 
700 1 |a Woltemar, Richard 
710 2 |a Fakulta medzinárodných vzťahov EU. Katedra medzinárodných ekonomických vzťahov a hospodárskej diplomacie